Countries' Names - Common Words - Statistics

General Stats
  • This quiz has been taken 21 times
    11 since last reset
  • The average score is 13 of 18
Answer Stats
% Correct
United Kingdom Countries keeping "united" in shorthand name
100%
United States of America Countries keeping "united" in shorthand name
100%
Côte d'Ivoire Countries including some variation of "coast"
91%
Saint Lucia Countries including some variation of "Saint"
91%
United Arab Emirates Countries keeping "united" in shorthand name
91%
Antigua and Barbuda Countries including the word "and"
82%
Bosnia and Herzegovina Countries including the word "and"
82%
St. Kitts and Nevis Countries including the word "and"
82%
St. Kitts and Nevis Countries including some variation of "Saint"
82%
Dominican Republic Countries keeping "republic" in shorthand name
73%
St. Vincent and the Grenadines Countries including the word "and"
73%
St. Vincent and the Grenadines Countries including some variation of "Saint"
73%
Trinidad and Tobago Countries including the word "and"
73%
Central African Republic Countries keeping "republic" in shorthand name
55%
Costa Rica Countries including some variation of "coast"
55%
Sao Tome and Principe Countries including the word "and"
45%
Sao Tome and Principe Countries including some variation of "Saint"
45%
San Marino Countries including some variation of "Saint"
36%
No matching quizzes found
Score Distribution
Percent of People with Each Score
Percentile by Number Answered
Your Score History
You have not taken this quiz since the last reset